000 00782nam a2200253Ia 4500
003 OSt
005 20220923222033.0
006 a|||||r|||| 00| 0
007 ta
008 220922b |||||||| |||| 00| 0 kan d
024 _a201,936
037 _cTextual
040 _aARTS
_cARTS
_bkan
041 _2kan
_akan
082 _aO33,3NAL,JA, 152L7
100 _aआलनहल्ली, कृष्ण
245 0 _aजंगल
246 _aJangala
260 _aदिल्ली
_b राधा कृष्ण प्रका0
_c1977
300 _a108पृ0
_ccm.
650 _aकन्नड़ साहित्य
_9156264
942 _hO33,3NAL,JA, 152L7
_cTEXL
_2CC
999 _c353475
_d353475